Harry Potter Horcrux Trivia - Statistics

General Stats
  • This quiz has been taken 909 times
  • The average score is 17 of 21
Answer Stats
Hint Answer % Correct
Which Horcrux is destroyed first? The Diary
98%
Which Horcrux is destroyed second? The Ring
96%
Which Horcrux is destroyed last? The Snake
96%
Which Horcrux is destroyed fifth? The Diadem
95%
Which Horcrux is destroyed fourth? The Cup
94%
Which Horcrux is destroyed third? The Locket
93%
Which Horcrux is destroyed sixth? The Scar
93%
Who destroyed it? Harry Potter
88%
Who destroyed it? Neville Longbottom
86%
Who destroyed it? Ron Weasley
84%
How is it destroyed? Basilisk Fang
82%
Who destroyed it? Hermione Granger
82%
Who destroyed it? Lord Voldemort
82%
Who destroyed it? Albus Dumbledore
81%
How is it destroyed? Sword of Gryffindor
81%
How is it destroyed? Sword of Gryffindor
81%
How is it destroyed? Killing Curse
70%
How is it destroyed? Basilisk Fang
68%
How is it destroyed? Sword of Gryffindor
62%
Who destroyed it? Vincent Crabbe
56%
How is it destroyed? Fiendfire
33%
No matching quizzes found
Score Distribution
Percent of People with Each Score
Percentile by Number Answered
Your Score History
You have not taken this quiz